Spanish Words #1 - Click the Pictures - Statistics

General Stats
  • This quiz has been taken 54,035 times
  • The average score is 16 of 24
Answers on the Map
Answers color-coded by a green-red scale on the quiz's map according to % correct below.
 
Answer Stats
Answer % Correct
Un limón
86%
Una casa
85%
Un mapa
85%
Un sombrero
85%
Una tortuga
82%
Un gato
81%
El fuego
78%
Un ratón
75%
Un ojo
72%
Una mano
71%
Un huevo
69%
Una manzana
68%
Un caballo
68%
Un corazón
68%
Una estrella
65%
Un plátano
64%
Una boca
59%
Un pez
56%
Un lápiz
55%
Una nube
49%
Una llave
48%
Una zanahoria
45%
Un cerdo
44%
Un hueso
40%
No matching quizzes found
Score Distribution
Percent of People with Each Score
Percentile by Number Answered
Your Score History
You have not taken this quiz